000 nam a22 7a 4500
999 _c126332
_d126332
008 170322b xxu||||| |||| 00| 0 eng d
050 _aJQ2923 1998
245 _aConstitution of Zimbabwe
_cZimbabwe. National costitutional assembly
260 _aHarare
_bNational constitutional assembly
_c1998
300 _a20p.;
_c22cm.
650 _aConstitution
_zZimbabwe
_916462
710 _aZimbabwe. National constitutional assembly
_929528
942 _2lcc
_cMONOGRAPH